Name the Sea - Statistics

General Stats
  • This quiz has been taken 16 times
  • The average score is 19 of 25
Answer Stats
Hint Sea % Correct
1) Between Italy and the Balkans Adriatic
100%
4) Contains over 1200 Greek islands Aegean
100%
5) The Crimean peninsula juts into it Black
100%
6) Jamaica is surrounded by it Caribbean
100%
2) Largest inland sea on Earth Caspian
100%
15) Has the highest salt content at 34%where most marine life cannot grow Dead
100%
16) The French Riviera lies on its warmsunny waters Mediterranean
100%
3) Separates Egypt from Asia Red
100%
8) Off the east coast of Vietnam South China
100%
7) Between Australia and New Zealand Tasman
100%
18) Between China and Korea, the namesakeof Chinas massive river Yellow
100%
24) the Isle of Man is located here Irish
92%
10) Treacherous sea between Scotlandand Denmark North
92%
9) Sea that has mostly dried up due toyears of intensive irrigation Aral
85%
22) Gotland sits within this enclosed sea Baltic
85%
23) Forms the southern boundary between Alaska and Russia Bering
85%
13) Inlet sea in northeast Russia thatconnects to the Barents Sea White
85%
14) According to the Bible, where Jesuswalked on water Galilee
77%
17) South Korea calls it the East Sea Japan
77%
12) Marginal sea north of Hokkaido andsurrounded by Russia Okhotsk
46%
25) Deep bay inlet of the Southern Ocean, alsocalled the "last ocean" Ross
31%
20) In between Mindanao, Sulawesi, and Borneo Celebes
23%
21) Sea that includes the Maldives, Sri Lanka andsouthern India Laccadive
15%
11) Lies off the coast of Darwin, Australia Timor
15%
19) Marginal waterway between Sulawesi andthe Lesser Sunda islands Flores
8%
No matching quizzes found
Score Distribution
Percent of People with Each Score
Percentile by Number Answered
Your Score History
You have not taken this quiz